000 00462cam a22001814a 4500
005 20250605163607.0
008 250528s ||||||||||||||||||||||||d
035 _a22387
020 _a9789603320937
040 _aGR-AtMCL
_bgre
_dGR-AtMCL
_eAACR2
245 1 _aΕΛΛΗΝΙΚΟ MICROSOFT POWERPOINT 97
250 _a1
260 _bPerspection Inc
_bΚλειδάριθμος,
_c1997
300 _a277
942 _cBK
999 _c7440
_d7440